Estación Experimental Agrícola Fabio Baudrit Moreno : presentación
| Müşterek Yazar: | |
|---|---|
| Materyal Türü: | Kitap |
| Dil: | İspanyolca |
| Baskı/Yayın Bilgisi: |
Costa Rica :
EEAFBM - UCR,
2004
|
| Konular: |
MARC
| LEADER | 00000nam a2200000Ia 4500 | ||
|---|---|---|---|
| 008 | 181001b2004 cr ||||| |||| 00| 0 spa d | ||
| 999 | |c 2501 |d 2501 | ||
| 090 | |a CD #50 | ||
| 110 | |a Universidad de Costa Rica. Estación Experimental Agrícola Fabio Baudrit Moreno |9 4379 | ||
| 245 | 1 | 0 | |a Estación Experimental Agrícola Fabio Baudrit Moreno : presentación |
| 260 | |a Costa Rica : |b EEAFBM - UCR, |c 2004 | ||
| 300 | |a Disco compacto | ||
| 610 | 4 | |9 4380 |a ESTACIÓN EXPERIMENTAL FABIO BAUDRIT MORENO | |
| 942 | |i 001457 |h CD #50 |2 z |c 08 | ||
